LEADER 00815naa a2200169 i 4500 001 000000298253 003 CaOOAMICUS 005 20200109142713.0 008 180831n xx u000 u und u 013 $a5855 040 $aSeMil$bita 100 1 $aRanon, Angelo.$0(OLS)http://semarc/name/85858 245 12$aL'anima mia spera nella sua Parola :$bi Salmi come "Ant-wort" (risposta) a una Parola già pronunciata /$cAngelo Ranon. 650 4$aBibbia - AT - Salmi - Liturgia - Celebrazione.$0(OLS)http://semarc/subject/37675 773 0 $tScriptura crescit cum orante.$dPadova : Messaggero, 1993.$kCaro Salutis Cardo. Contributi$z88-250-0213-0$w()66159 996 $6245$aL'anima mia spera nella sua Parola :$bi Salmi come "Ant-wort" (risposta) a una Parola già pronunciata$9(OLS)http://semarc/title/374274 LEADER 00736nam a2200193 i 4500 001 000000178831 003 CaOOAMICUS 005 20090610000000.0 008 090610s1965 it u000 u ita u 013 $a156406 040 $aSeMil$bita 100 1 $aDal Poggetto, Paolo.$0(OLS)http://semarc/name/48432 245 10$aUgolino di Vieri :$bgli smalti di Orvieto /$cDi Paolo Dal Poggetto. 300 $a1 v. :$briccamente ill. 773 0 $tForma e colore.$dFirenze : Sadea Sansoni, [1965]$g9$w()21466 850 $aSeMil 852 $aSeMil$W1$xVenegono$y1$m5V VII 45$j129601$B129601$CSeMilBibl$Z2$F142166 $81 961 $aOmaggio: Giuliani don Angelo 996 $6245$aUgolino di Vieri :$bgli smalti di Orvieto$9(OLS)http://semarc/title/256852